| 000 | 01136nam a2200253 a 4500 | ||
|---|---|---|---|
| 001 | BRCA_4332 | ||
| 005 | 20190320204630.0 | ||
| 008 | 230610s1915----nyua######---#000-0#eng-# | ||
| 041 | _aeng | ||
| 044 | _anyu | ||
| 050 | 4 |
_aNK4320 _b.P83 3 _c1915 |
|
| 245 | 1 | 0 |
_aPublications of the Hispanic Society of America _bNo. 91, 92 y 93. |
| 260 |
_aNueva York _bHispanic Society of America _c1915 |
||
| 300 |
_a1 v. (en varias paginaciones) _bil. (algunas a color) _c21 cm. |
||
| 440 | 0 |
_aPublications of the Hispanic Society of America _v91, 92, 93 _911098 |
|
| 500 | _aEjemplar 91 igual a CEF84 y M15. Ejemplar 92 igual a A104 y A119. Ejemplar 93 igual a A103 | ||
| 500 | _aU72 | ||
| 505 | 0 | _aContenido: No.91. Spanish Maiolica in the Collection of the Hispanic Society of America. -- No.92. Mexican Maiolica in the Collection of the Hispanic Society of America. -- No.93. Spanish Porcelains and Terra Cottas in the Collection of the Hispanic Society of America | |
| 650 | 1 | 4 |
_aMayólica _97298 |
| 650 | 1 | 4 |
_aCerámica _vCatálogos _zNueva York _911038 |
| 650 | 1 | 4 |
_aCerámica española _vCatálogos _91350 |
| 902 | _aGFM | ||
| 942 |
_2lcc _cB |
||
| 999 |
_c4043 _d4043 |
||